Statystyki dla Rozpoznaj kraje po najwyższych szczytach-dla Kolegi Ignacego

Kliknij tutaj aby rozwiązać quiz!

Ogólne statystyki

  • Ten quiz został rozwiązany 815 razy
  • Średni wynik to 9 z 13

Statystyki odpowiedzi

HintOdpowiedź% Poprawnych
RysyPolska
97%
Mount EverestChiny
94%
Mont BlancFrancja
91%
Góra KościuszkiAustralia
89%
GrossglocknerAustria
76%
ZugspitzeNiemcy
76%
KanczendzongaIndie
72%
ElbrusRosja
71%
K2Pakistan
61%
LoganKanada
56%
KilimandżaroTanzania
51%
Gangkhar PuensumBhutan
42%
NoszakAfganistan
27%

Rozkład punktacji

Percentyl według liczby udzielonych odpowiedzi

Procent ludzi z każdym wynikiem

Twoja historia wyników

Nie rozwiązałeś tego quizu